00737nam a2200229 a 4500001000900000003000900009005001700018007000900035008004000044020001800084040002200102082003200124100002100156245006400177260003600241300002800277650003500305650003500340650004900375650003800424710004500462 0044465DO-SdBNP20180313141332.0 0044465140702s2013 dr ac 000 0 spa d a9789945472288 aBPMSUbspacBPMSU04a378.53bS276f 1ro. 20131 a Sbriz, Luciano 10aFísica 1 :bprácticas de laboratorio /c Luciano Sbriz aSanto Domingo :b INTEC,c 2013 a 88 p. :bil. ;c28 cm. 4aFÍSICAxENSEÑANZA SUPERIOR 4aFÍSICAxEDUCACIÓN SUPERIOR 4aEDUCACIÓN SUPERIORzREPÚBLICA DOMINICANA 4aFÍSICAxMANUALES DE LABORATORIO2 4Instituto Tenológico de Santo Domingo